Việt nam trên sân khấu thế giới

Giới thiệu tấm lòng của giới nghệ sĩ sân khấu thế giới đối với Việt Nam trong cuộc kháng chiến chống Mỹ thông qua một số vở kịch nói về Việt Nam của các nghệ sĩ các nước Liên Xô, Pháp, Thuủ Điển, Angiêri

Сохранить в:
Библиографические подробности
Другие авторы: Vũ Đình Phòng (Dịch), Thiết Vũ (Dịch), H-T (Dịch)
Формат:
Язык:Vietnamese
Опубликовано: H. Văn hoá 1979
Предметы:
Метки: Добавить метку
Нет меток, Требуется 1-ая метка записи!
Thư viện lưu trữ: Mạng thư viện Đại học Đà Nẵng
LEADER 01461nam a2200373 4500
001 000009703
003 5900
005 20111031151015.0
008 111031s1979 viesd
020 |c 8800đ 
041 0 |a vie 
082 |a 808.82  |b Viê 
245 0 |a Việt nam trên sân khấu thế giới  |c Giới thiệu và dịch: Vũ Đình Phòng,... 
260 |a H.  |b Văn hoá  |c 1979 
300 |a 410 tr.  |c 19 cm. 
520 |a Giới thiệu tấm lòng của giới nghệ sĩ sân khấu thế giới đối với Việt Nam trong cuộc kháng chiến chống Mỹ thông qua một số vở kịch nói về Việt Nam của các nghệ sĩ các nước Liên Xô, Pháp, Thuủ Điển, Angiêri 
653 |a kháng chiến chống Mĩ 
653 |a kịch 
653 |a Việt Nam 
653 |a Văn học hiện đại 
700 |a Vũ Đình Phòng  |e Dịch 
700 |a Thiết Vũ  |e Dịch 
700 |a H-T  |e Dịch 
910 |a Huỳnh Thị Cẩm Lai  |d 31/10/2011 
OWN |a LSP 
AVA |a UDN50  |b LSP  |d 808.82 Viê  |e unavailable  |t Error 5002 Not defined in file expand_doc_bib_avail.  |f 1  |g 1  |h N  |i 0  |k 1 
999 |a From the UDN01 
AVA |a UDN50  |b LSP  |d 808.82 Viê  |e unavailable  |t Error 5002 Not defined in file expand_doc_bib_avail.  |f 1  |g 1  |h N  |i 0  |k 1 
TYP |a Monograph 
TYP |a Printed language 
980 |a Mạng thư viện Đại học Đà Nẵng